000 00371nam a2200145Ia 4500
005 20240821151535.0
008 240821s9999||||xx |||||||||||||| ||und||
082 _a909 GOL
100 _aMichael, Maurice
245 0 _aLearn about people
260 _aLondon
_bGolden Pleasure Books
_c1962
300 _a112p
650 _aHistory of world and civilization
942 _cBK
999 _c30571
_d30571